From isolation to containment, 1921-1952: (Record no. 13223)
[ view plain ]
| 000 -LEADER | |
|---|---|
| fixed length control field | 01325nam a2200337 4500 |
| 001 - CONTROL NUMBER | |
| control field | 1283951 |
| 005 - DATE AND TIME OF LATEST TRANSACTION | |
| control field | 19710510000000.0 |
| 008 - FIXED-LENGTH DATA ELEMENTS--GENERAL INFORMATION | |
| fixed length control field | 710429s1970 enk b 000 0 eng |
| 010 ## - LIBRARY OF CONGRESS CONTROL NUMBER | |
| LC control number | 75554874 |
| 015 ## - NATIONAL BIBLIOGRAPHY NUMBER | |
| National bibliography number | B70-12585 |
| 020 ## - INTERNATIONAL STANDARD BOOK NUMBER | |
| International Standard Book Number | 0713154780 |
| 040 ## - CATALOGING SOURCE | |
| Original cataloging agency | DLC |
| Transcribing agency | DLC |
| Modifying agency | DLC |
| 043 ## - GEOGRAPHIC AREA CODE | |
| Geographic area code | n-us--- |
| 050 00 - LIBRARY OF CONGRESS CALL NUMBER | |
| Classification number | E744 |
| Item number | .C43 1970b |
| 082 00 - DEWEY DECIMAL CLASSIFICATION NUMBER | |
| Classification number | 327.73 |
| Edition number | 20 |
| Item number | CHA |
| 100 1# - MAIN ENTRY--PERSONAL NAME | |
| Personal name | Challener, Richard D., |
| Relator term | comp. |
| 9 (RLIN) | 10726 |
| 245 10 - TITLE STATEMENT | |
| Title | From isolation to containment, 1921-1952: |
| Remainder of title | three decades of American foreign policy from Harding to Truman/ |
| Statement of responsibility, etc | edited by Richard D. Challener. |
| 260 ## - PUBLICATION, DISTRIBUTION, ETC. (IMPRINT) | |
| Place of publication, distribution, etc | London: |
| Name of publisher, distributor, etc | Edward Arnold, |
| Date of publication, distribution, etc | c.1970. |
| 300 ## - PHYSICAL DESCRIPTION | |
| Extent | viii, 184 p. |
| Dimensions | 21 cm. |
| 490 0# - Series Statement | |
| Series statement | Documents of modern history |
| 500 ## - GENERAL NOTE | |
| General note | Includes Bibliography. |
| 500 ## - GENERAL NOTE | |
| General note | Donations. |
| 500 ## - GENERAL NOTE | |
| General note | Donated By: Alaa Abdel Ghaney. |
| 504 ## - BIBLIOGRAPHY, ETC. NOTE | |
| Bibliography, etc | Bibliography: p. [183]-184. |
| 650 ## - SUBJECT ADDED ENTRY--TOPICAL TERM | |
| 9 (RLIN) | 10724 |
| Topical term or geographic name as entry element | United States --History --1901-1953 --Sources. |
| 650 ## - SUBJECT ADDED ENTRY--TOPICAL TERM | |
| 9 (RLIN) | 10725 |
| Topical term or geographic name as entry element | United States --Foreign relations --20th century. |
| 651 #0 - SUBJECT ADDED ENTRY--GEOGRAPHIC NAME | |
| Geographic name | United States |
| General subdivision | History |
| Chronological subdivision | 1901-1953 |
| General subdivision | Sources. |
| 9 (RLIN) | 10727 |
| 651 #0 - SUBJECT ADDED ENTRY--GEOGRAPHIC NAME | |
| Geographic name | United States |
| General subdivision | Foreign relations |
| Chronological subdivision | 20th century. |
| 9 (RLIN) | 10728 |
| 942 ## - ADDED ENTRY ELEMENTS (KOHA) | |
| Source of classification or shelving scheme | Dewey Decimal Classification |
| Item type | Book - Borrowing |
| Withdrawn status | Item status | Source of classification or shelving scheme | Damaged status | Not for loan | Vendor | Home library | Current library | Shelving location | Date acquired | Source of acquisition | Total Checkouts | Total Renewals | Full call number | Barcode | Date last seen | Date last borrowed | Koha item type | Public note |
|---|---|---|---|---|---|---|---|---|---|---|---|---|---|---|---|---|---|---|
| Dewey Decimal Classification | Central Library | Central Library | First floor | 31/01/2010 | 1 | 9 | 327.73 CHA | 000019606 | 15/07/2025 | 27/03/2017 | Book - Borrowing | Donated By: Alaa abdel ghany. |